| 000 | 00437nam a2200145Ia 4500 | ||
|---|---|---|---|
| 008 | 161229s9999 xx 000 0 und d | ||
| 020 | _a0684835827 | ||
| 082 | _a658.2 SIM/AD | ||
| 100 | _aHerbert A simson, Herbert A | ||
| 245 | _aAdministrative behaviour: A study of decision making processes in administrative organisations | ||
| 250 | _a4th ed. | ||
| 260 |
_bFP The free press _aNew York _c1945 |
||
| 300 | _axv,368 | ||
| 942 | _cBK | ||
| 999 |
_c150590 _d150590 |
||